L'océan Pacifique de A à Z - Statistiques

Statistiques générales
  • Ce quiz a été pris 230 fois
  • Le résultat moyen est 17 sur 26
Statistiques - réponses
Lettre Indice Réponse % Correct
B Maillot de bain deux pièces dont le nom provient d'un des atolls des îles Marshall. Bikini
98%
H Cinquantième état des États-Unis. Hawaï
96%
A Chaîne de montagnes située le long de la côte occidentale de l'Amérique du Sud. cordillère des Andes
91%
L Ville la plus peuplée de la côte Ouest états-unienne. Los Angeles
90%
C Animal formant une Grande Barrière le long des côtes australiennes. Corail
89%
F Celle des Mariannes s'enfonce dans l'océan Pacifique à 11 000m de profondeur. fosse océanique
89%
S Sport de glisse sur des vagues au bord de l'océan. Surf
89%
P Attaque surprise menée par les forces aéronavales japonaises le 7 décembre 1941 contre les États-Unis. attaque de {Pearl} {Harbor}
87%
I Civilisation précolombienne naissant au XIIIe siècle et se développant le long de la côte Pacifique de l'Amérique du Sud par la suite. Inca
87%
D Naturaliste anglais ayant fondé ses théories suite à son voyage aux îles Galápagos. Charles Darwin
81%
V Classique d'animation Disney s'inspirant librement de la mythologie polynésienne. Vaiana
73%
K État du Pacifique composé principalement de trois archipels : les îles Gilbert, les îles Phœnix et les îles de la Ligne. Kiribati
71%
U Instrument de musique traditionnel à quatre cordes pincées. Ukulélé
71%
W Collectivité d'outre-mer française proche des Tonga. Wallis-et-Futuna
70%
J Bras de mer séparant la Chine de la péninsule coréenne. mer {Jaune}
66%
R Daniel Defoe est l'auteur de ce roman s'inspirant de la vie d'Alexander Selkirk, marin ayant survécu plus de quatre ans sur une île déserte de l'archipel Juan Fernández. Robinson Crusoé
63%
G Peintre postimpressionniste français controversé passant les 12 dernières années de sa vie en Polynésie. Paul Gauguin
60%
N Point de l'océan le plus éloigné de toute terre émergée sur la planète Terre. Point {Nemo}
51%
Q Une des langues officielles de la Bolivie, de l'Équateur et du Pérou. quechua
51%
Z Province néerlandaise ayant donné son nom à un état insulaire de l'océan Pacifique. Zélande
51%
O Les navires de guerre à vapeur de l'Empire britannique écrasent les jonques chinoises lors de cette guerre du XIXe siècle. Guerre de l'{Opium}
49%
M Statues monumentales présentes sur l'île de Pâques. Moaï
46%
E Phénomène océanographique se caractérisant par des températures de l'eau plus élevées que la moyenne dans l'océan Pacifique sud. {El} {Niño}
34%
T Film d'animation du studio Ghibli contant l'histoire de deux enfants de la ville portuaire japonaise de Kobe en 1945. Le {Tombeau} {des} {lucioles}
31%
Y Capitale de l'État insulaire de Nauru. Yaren
25%
X Capitale d'été de Kubilai Khan située non loin de Pékin et Tianjin, dont le nom a été donné à la demeure de Citizen Kane d'Orson Welles et à une chanson d'Olivia Newton-John. Xanadu
11%
Aucun quiz correspondant
Distribution des résultats
% des personnes avec chaque résultat
Percentile par nombre de réponses
Votre historique - résultats
Vous n’avez pas pris ce quiz